| Tag |
First Indicator |
Second Indicator |
Subfields |
| LEADER |
00000cam a2200000 a 4500 |
| 001 |
in00000958905 |
| 005 |
20150926141325.0 |
| 007 |
hd afv|||baca |
| 008 |
850531s1691 miuc a 00010 eng d |
| 035 |
|
|
|a (OCoLC)12100134
|
| 035 |
|
|
|9 AEU4657AM
|
| 037 |
|
|
|a CL0037000023
|b UMI
|
| 037 |
|
|
|b University Microfilms International, 300 N. Zeeb Rd., Ann Arbor, MI 48106
|
| 040 |
|
|
|a EAA
|c EAA
|d m/c
|d UtOrBLW
|
| 049 |
|
|
|a TXAI
|
| 099 |
|
|
|a film
|a B
|a 3609
|
| 100 |
1 |
|
|a Bates, William,
|d 1625-1699.
|
| 245 |
1 |
4 |
|a The four last things :
|b viz. death, judgment, heaven, hell, practically considered and applied in several discourses /
|c by William Bates.
|
| 264 |
|
3 |
|a London :
|b Printed for Brabazon Aylmer ...,
|c 1691.
|
| 300 |
|
|
|a 12 unnumbered pages, 546 pages, 2 unnumbered pages :
|b portrait
|
| 336 |
|
|
|a text
|b txt
|2 rdacontent
|
| 337 |
|
|
|a microform
|b h
|2 rdamedia
|
| 338 |
|
|
|a microfilm reel
|b hd
|2 rdacarrier
|
| 500 |
|
|
|a Advertisements: prelim. page [12] and page [2] at end.
|
| 500 |
|
|
|a Includes bibliographical references.
|
| 500 |
|
|
|a Reproduction of original in Huntington Library.
|
| 510 |
4 |
|
|a Wing
|c B1105
|
| 533 |
|
|
|a Microfilm.
|b Ann Arbor, Mich. :
|c University Microfilms,
|d 1977.
|e 1 microfilm reel. 35 mm.
|f (Early English books, 1641-1700; 758:8)
|
| 500 |
|
|
|a Microform.
|
| 650 |
2 |
0 |
|a Presbyterian Church
|v Sermons.
|
| 650 |
|
0 |
|a Funeral sermons.
|
| 650 |
|
0 |
|a Sermons, English
|y 17th century.
|
| 740 |
0 |
|
|a Death, judgment, heaven, hell, practically considered.
|
| 740 |
4 |
|
|a The four last things.
|
| 830 |
|
0 |
|a Early English books, 1641-1700 ;
|v 758:8.
|
| 999 |
|
|
|a MARS
|
| 999 |
f |
f |
|s d9b93545-1088-3c29-b3b1-54a92cf0a703
|i 41668c5a-f78a-3f0e-8ea7-0eca7437bfd6
|t 0
|
| 952 |
f |
f |
|p default
|a Texas A&M University
|b College Station
|c Sterling C. Evans Library
|d Evans: Microforms (3rd floor)
|t 0
|e film B 3609 758:8
|h Other scheme
|i microform -- microfilm reel
|
| 998 |
f |
f |
|a film B 3609 758:8
|t 0
|l Evans: Microforms (3rd floor)
|